নীলকণ্ঠী / (Record no. 961)
[ view plain ]
| 000 -LEADER | |
|---|---|
| fixed length control field | 00689nam a22001937a 4500 |
| 003 - CONTROL NUMBER IDENTIFIER | |
| control field | BD-DhCDI |
| 005 - DATE AND TIME OF LATEST TRANSACTION | |
| control field | 20260402065641.0 |
| 008 - FIXED-LENGTH DATA ELEMENTS--GENERAL INFORMATION | |
| fixed length control field | 260402b bg ||||| |||| 00| 0 ben d |
| 040 ## - CATALOGING SOURCE | |
| Original cataloging agency | BD-DhCDI |
| Language of cataloging | BD-DhCDI |
| Transcribing agency | BD-DhCDI |
| 082 ## - DEWEY DECIMAL CLASSIFICATION NUMBER | |
| Edition number | 23 |
| Classification number | 891.443 |
| Item number | HON 2026 |
| 100 ## - MAIN ENTRY--PERSONAL NAME | |
| Personal name | হোসাইন, সাদাত |
| Relator term | লেখক |
| 9 (RLIN) | 1796 |
| 245 ## - TITLE STATEMENT | |
| Title | নীলকণ্ঠী / |
| Statement of responsibility, etc. | সাদাত হোসাইন |
| 246 ## - VARYING FORM OF TITLE | |
| Title proper/short title | Nilkontho. |
| 260 ## - PUBLICATION, DISTRIBUTION, ETC. | |
| Place of publication, distribution, etc. | Bangladesh; |
| Name of publisher, distributor, etc. | অন্যধারা, |
| Date of publication, distribution, etc. | 2026. |
| 300 ## - PHYSICAL DESCRIPTION | |
| Extent | 349 p.: |
| Dimensions | 22 cm. |
| 650 ## - SUBJECT ADDED ENTRY--TOPICAL TERM | |
| Topical term or geographic name entry element | বাংলা উপন্যাস |
| Geographic subdivision | Bangladesh |
| 9 (RLIN) | 1797 |
| 651 ## - SUBJECT ADDED ENTRY--GEOGRAPHIC NAME | |
| Geographic name | বাংলা সাহিত্য |
| Geographic subdivision | বাংলাদেশ |
| 942 ## - ADDED ENTRY ELEMENTS (KOHA) | |
| Source of classification or shelving scheme | Dewey Decimal Classification |
| Koha item type | Books |
| Withdrawn status | Lost status | Source of classification or shelving scheme | Damaged status | Not for loan | Collection code | Home library | Current library | Shelving location | Date acquired | Source of acquisition | Total Checkouts | Full call number | Barcode | Date due | Date last seen | Date last checked out | Copy number | Price effective from | Koha item type |
|---|---|---|---|---|---|---|---|---|---|---|---|---|---|---|---|---|---|---|---|
| Dewey Decimal Classification | Fiction | Caritas Development Institute Library | Caritas Development Institute Library | New Materials Shelf | 15/03/2026 | Purchase | 1 | 891.443 HON 2026 | 12392 | 18/04/2026 | 08/04/2026 | 08/04/2026 | 1 | 02/04/2026 | Books |